000
00319nam a22001457a 4500
008
210507b ||||| |||| 00| 0 eng d
020
_a
9780130851482
041
_a
eng
080
_2
6th
_a
34
082
_a
34
100
_a
16
101
_a
JUR
245
_a
Criminal Justice Today
_c
Schmalleger,F
942
_2
udc
_c
BK
999
_c
57104
_d
57104